000 00341cam a22001217a 4500
008 180718b1958 xxu||||| |||| 00| 0 eng d
082 _aI5372 In8/RM/4
245 _aReference manual, IBM 513,514 reprducing punches
260 _aNew Delhi
_bIBM World Trade Corporation
_c1958
300 _a32p.
650 _aIBM
650 _aComputer machines
999 _c441416
_d441416